000 01039nab a22002537a 4500
999 _c6527
_d6527
003 OSt
005 20260219134646.0
008 190429b xxu||||| |||| 00| 0 spa d
040 _cPJ
100 _93390
_aManonellas, Graciela N.
245 1 3 _aLa salud mental y el proceso penal /
_cGraciela N. Manonellas.
260 _cCiudad Autónoma de Buenos Aires :
_aThomson Reuters La Ley,
_b2024.
300 _ap. 110-114
500 _aCita: TR LALEY AR/DOC/2564/2023
505 _aSumario: I. El tema.— II. Debate oral.— III. La resolución.— IV. Conclusiones.
505 _tSi te interesa el texto completo, solicitalo a koha@justierradelfuego.gov.ar
650 0 _9343
_aDERECHO PENAL
650 0 _9705
_aREGIMEN PENAL TRIBUTARIO
650 0 _9339
_aDERECHO TRIBUTARIO
650 0 _91878
_aENTIDADES FINANCIERAS
650 0 _91272
_aSALUD MENTAL
773 0 _02658
_93164
_tRevista de derecho penal y criminología. Nº 8 - Agosto 2024
_dCiudad Autónoma de Buenos Aires : Thomson Reuters La Ley, 2017-
_x00347914
942 _2udc
_cANA